Statistics for Language families of the world

Click here to take the quiz!

General Stats

  • This quiz has been taken 171 times
  • The average score is 10 of 19

Answer Stats

Spoken inAnswer% Correct
Europe, AsiaIndo-European
98%
Asia, Africa, EuropeAfro-Asiatic
79%
AsiaSino-Tibetan
78%
Asia, Oceania, AfricaAustronesian
75%
Europe, AsiaUralic
71%
AfricaNiger-Congo
70%
Asia, EuropeAltaic
64%
AsiaAustroasiatic
60%
AsiaDravidian
59%
AfricaNilo-Saharan
48%
AsiaTai-Kadai
43%
Asia, North AmericaEskimo-Aleut
42%
AfricaKhoisan
39%
Central and South AmericaMayan
36%
North AmericaNa-Dene
36%
Central and South AmericaUto-Aztecan
30%
AsiaCaucasian
26%
North AmericaAlgonquin
17%
AsiaPaleo-Siberian
17%

Score Distribution

Percentile by Number Answered

Percent of People with Each Score

Your Score History

You have not taken this quiz